Score 0/26 Timer 03:00
0 Plays Today
Definition Code Word % Correct
The eleventh month of the year. November
98.8%
An establishment providing accommodation for tourists. Hotel
91.7%
Ballroom dance originating in Argentina, characterized by marked rhythms and postures and abrupt pauses.Tango
91.7%
Country located in Southern Asia whose capital is New Delhi. India
91.5%
Game played on a large open-air course with clubs and a small ball. Golf
89.6%
The first letter of the Greek Alphabet with a simplified spelling. Alfa
89%
Spirit distilled from malted grain, especially barley or rye.Whiskey
88.9%
Sound or sounds caused by the reflection of sound waves from a surface back to the listener.Echo
88.6%
Nickname for one's father.Papa
86.7%
Chaplin or Bucket. Charlie
81.8%
Ballroom dance having an uneven rhythm with alternation of slow and quick steps.Foxtrot
77%
One of the thirteen territories of Canada, whose official language is French. Quebec
76.6%
Powerful South African tribe during the 19th century. Zulu
76.2%
Definition Code Word % Correct
The capital and largest city of Peru. Lima
74.1%
A Capulet, one of the titular characters of a Shakespeare play (variant spelling).Juliett
71.4%
Used to express approval when a performer or other person has done something well.Bravo
70.7%
An inhabitant of New England or one of the northern states.Yankee
65.8%
Shortened name of the SI unit of mass. Kilo
65.8%
An attractive, passionate male seducer or lover.Romeo
60.1%
Photographic or digital image of the internal composition of something. X-ray
59.9%
Person who defeats an enemy or opponent in a battle, game, or other competition.Victor
54.4%
Difference between two things or values.Delta
45.3%
To supply or equip with a microphone.Mike
44.4%
Long jagged mountain chain.Sierra
36%
Remaining the same in all cases and at all times. Uniform
30%
South American cichlid fish with velvety brown young and multicolored adults. Oscar
21.8%
Remove Ads.
Support Sporcle.
Get the best of Sporcle when you Go Orange. This ad-free experience offers more features, more stats, and more fun while also helping to support Sporcle. Thank you for becoming a member.

You're not logged in!

Compare scores with friends on all Sporcle quizzes.
OR
Log In

Show Comments

Extras

Top Quizzes Today


Score Distribution

Your Account Isn't Verified!

In order to create a playlist on Sporcle, you need to verify the email address you used during registration. Go to your Sporcle Settings to finish the process.

Report this User

Report this user for behavior that violates our Community Guidelines.

Details: